|
|
|
|
| LEADER |
01465nam a2200373 4500 |
| 001 |
DLU060055932 |
| 005 |
##20061031 |
| 008 |
##011107s2002 cou b 001 0 eng |
| 010 |
# |
# |
|a 2001048937
|
| 020 |
# |
# |
|a 1588260518 (alk. paper)
|
| 020 |
# |
# |
|a 1588260763 (pbk. : alk. paper)
|
| 040 |
# |
# |
|a DLC
|c DLC
|d DLC
|
| 042 |
# |
# |
|a pcc
|
| 050 |
# |
# |
|a JC421
|b .H46 2002
|
| 082 |
# |
# |
|a 303.66
|b HE-E
|
| 100 |
# |
# |
|a Henderson, Errol Anthony
|
| 245 |
# |
# |
|a Democracy and war :
|b the end of an illusion? /
|c Errol A. Henderson
|
| 260 |
# |
# |
|a Boulder :
|b Lynne Rienner Publishers,
|c 2002
|
| 300 |
# |
# |
|a xiii, 191 p. ;
|c 24 cm
|
| 504 |
# |
# |
|a Includes bibliographical references (p. 161-179) and index
|
| 505 |
# |
# |
|a Machine generated contents note: 1 The Democratic Peace: Strong Statistics, Weak Theory 1 2 Are Democracies Less Likely to Fight Each Other? 23 3 Are Democracies More Peaceful than Nondemocracies? 53 4 The Democratic Peace and Extrastate Wars 75 5 The Democratic Peace and Civil Wars 103 6 An Alternative Explanation of the Postwar "Democratic Peace" 125 7 The Democratic Peace: A Great Illusion? 145.
|
| 650 |
# |
# |
|a Democracy
|
| 650 |
# |
# |
|a War.
|
| 856 |
# |
# |
|3 Table of contents
|u http://www.loc.gov/catdir/toc/fy033/2001048937.html
|
| 923 |
# |
# |
|a 25/2006
|
| 992 |
# |
# |
|a 10.200
|
| 994 |
# |
# |
|a DLU
|
| 900 |
# |
# |
|a True
|
| 911 |
# |
# |
|a Đào Thị Thu Huyền
|
| 925 |
# |
# |
|a G
|
| 926 |
# |
# |
|a A
|
| 927 |
# |
# |
|a SH
|
| 980 |
# |
# |
|a Thư viện Trường Đại học Đà Lạt
|